000 00808nam a22002537a 4500
999 _c133555
_d133555
003 dpl
005 20181103173846.0
008 181025b ||||| |||| 00| 0 eng d
010 _aB-094285,B-094318
020 _c150.00
_a8176567760
035 _aB-094285, B-094318
037 _bCen Lib/Ret
040 _aDPL
_bEN
_c0
082 _a005.43
_bSAX
100 _aSaxena, Vipin
_938267
245 _aProblems & solutions ofoperating system /
_cby Vipin Saxena
260 _aNew Delhi
_bBPB Publications
_c2003
270 _aB-14, Connaught Place
_bNew Delhi
_e110001
300 _a268p. :
_c23cm(Hb)
_bill.
500 _aIncludes bibliographical reference
650 _aOperating systems
_938268
650 _aOperating systems (Computers)
_914601
942 _2ddc
_cEN
_h005.43
_mSAX